000 00468nam a22001577a 4500
003 OSt
005 20140311130134.0
008 130529t xxu||||| |||| 00| 0 eng d
050 _aNX 440
_b.Es74 1992
082 _aFIL 700.1
_bEs1 1992
245 _aThe basic essentials in the study of Humanities
_cEscalona, Ma. Bernadette E.
260 _aPhilippines
_bMa. Bernadette E. Escalona Press
_cc1992
300 _a143 p.
_c22 cm.
942 _2lcc
_cBK
_kFIL
999 _c35454
_d35454